| 000 | 00485nam a2200169Ia 4500 | ||
|---|---|---|---|
| 008 | 240729s9999 xx 000 0 und d | ||
| 022 | _a2704-6494 | ||
| 245 | 0 | _aJournal of Cancer Rehabilitation | |
| 260 | _aItaly | ||
| 260 | _bEdisciences | ||
| 650 | _a Internal medicine | ||
| 650 | _a Neoplasms. Tumors. Oncology. Including cancer and carcinogens | ||
| 650 | _aMedicine | ||
| 856 | _uhttps://doaj.org/toc/f14ac9a76da946b7b0fa598ee685386e | ||
| 942 | _2ddc | ||
| 942 | _cDOAJEJ | ||
| 999 |
_c65653 _d65653 |
||
| 945 |
_a1 _bMadushi Gamage _c1 _dMadushi Gamage |
||